Ordenança General de Subvencions de la Diputació de Barcelona : vigent a partir del 16 de gener de 2009 : BOP número 13, annex 1, de 15 de gener de 2009 vigent a partir del 16 de gener de 2009 :
Publicado:
Barcelona :
Diputació de Barcelona. Àrea d'Hisenda i Recuros Interns. Intervenció General ,
2009
Descripción Física:
36 p. ; 21 cm
MARC
| LEADER | 00000nam a2200000Ia 4500 | ||
|---|---|---|---|
| 001 | 21335 | ||
| 008 | 160829s2009 xx 000 0 cat d | ||
| 080 | |a FU-35-47 | ||
| 245 | |a Ordenança General de Subvencions de la Diputació de Barcelona : |b vigent a partir del 16 de gener de 2009 : |b BOP número 13, annex 1, de 15 de gener de 2009 | ||
| 260 | |a Barcelona : |b Diputació de Barcelona. Àrea d'Hisenda i Recuros Interns. Intervenció General, |c 2009 | ||
| 300 | |a 36 p. ; |c 21 cm | ||
| 650 | |a Barcelona. Diputació |x Subvencions |x Dret i legislació |9 44359 | ||
| 710 | |a Barcelona (Catalunya : Província). |b Intervenció General |9 53816 | ||
| 901 | |a Arxiu | ||
| 942 | |n 1 | ||
| 952 | |0 0 |1 0 |4 0 |6 FU3547 |7 1 |9 51906 |a Arxiu |b Arxiu |d 2016-12-01 |l 0 |o FU-35-47 |p 21335 |r 2016-12-01 00:00:00 |w 2016-12-01 |y ARXIU | ||
| 999 | |c 55752 |d 55752 | ||